000 00741nam a2200253Ia 4500
003 OSt
005 20220928123319.0
006 a|||||r|||| 00| 0
007 ta
008 220927b |||||||| |||| 00| 0 eng d
020 _c1633.7
024 _a127675
037 _b137, 04/12/2015, Classic Book Service
_cTextual
040 _aSDCL
_cSDCL
_beng
041 _2eng
_aeng
082 _aVv2, P0
100 _aChaturvedi Vinayak Ed.
_9461061
245 0 _aMapping subaltern studies and the postcolonial
260 _aLodon
_bVerso
_c2012
300 _axix;364p.
_ccm.
650 _aPhilosophy
942 _hVv2, P0
_cTEXL
_2CC
999 _c774135
_d774135